INDERBIR SINGH'S TEXTBOOK OF HUMAN HISTOLOGY (Record no. 33043)

MARC details
000 -LEADER
fixed length control field 00365nam a22001577a 4500
003 - CONTROL NUMBER IDENTIFIER
control field SGT
020 ## - INTERNATIONAL STANDARD BOOK NUMBER
International Standard Book Number 978-93-5696-812-7
082 ## - DEWEY DECIMAL CLASSIFICATION NUMBER
Classification number 611
Item number PUS
100 ## - MAIN ENTRY--PERSONAL NAME
Personal name PUSHPALATHA, K.
245 ## - TITLE STATEMENT
Title INDERBIR SINGH'S TEXTBOOK OF HUMAN HISTOLOGY
250 ## - EDITION STATEMENT
Edition statement 11TH
260 ## - PUBLICATION, DISTRIBUTION, ETC. (IMPRINT)
Place of publication, distribution, etc INDIA
Name of publisher, distributor, etc JAYPEE PUB.
Year of Publication 2025
300 ## - PAGE DESCRIPTION
No. of Pages 351
650 ## - SUBJECT ADDED ENTRY--TOPICAL TERM
Topical term or geographic name as entry element HUMAN HISTOLOGY
942 ## - ADDED ENTRY ELEMENTS (KOHA)
Source of classification or shelving scheme Dewey Decimal Classification
Koha item type Books
Holdings
Withdrawn status Lost status Source of classification or shelving scheme Damaged status Not for loan Collection code Home library Current library Shelving location Date acquired Vendor Name Cost, normal purchase price SGTU Bill Number Full call number Accession No. (Barcode) Date last seen Bill Date Koha item type Total Checkouts
    Dewey Decimal Classification   Not For Loan SCIENCE SGT Science & Social Sciences Library SGT Science & Social Sciences Library Reference Book 30/10/2025 ABC 950.00 SGTU 21721 611 PUS DP1394 30/10/2025 17/09/2025 Books  
    Dewey Decimal Classification     SCIENCE SGT Science & Social Sciences Library SGT Science & Social Sciences Library Text Book 30/10/2025 ABC 950.00 SGTU 21721 611 PUS DP1395 30/10/2025 17/09/2025 Books